Central American Countries By Location Quiz Stats

 Plays Quiz Updated Jan 4, 2018

Challenge
Share
Tweet
Score 0/7 Timer 02:00
14 Plays Today
% Correct
Panama
95.5%
Belize
89.9%
Costa Rica
89.1%
Honduras
88.8%
Guatemala
87.4%
El Salvador
87.4%
Nicaragua
87.4%

You're not logged in!

Compare scores with friends on all Sporcle quizzes.
OR
Log In

You Might Also Like...

Show Comments

Extras

Top Quizzes Today


Score Distribution

Your Account Isn't Verified!

In order to create a playlist on Sporcle, you need to verify the email address you used during registration. Go to your Sporcle Settings to finish the process.

Report this User

Report this user for behavior that violates our Community Guidelines.

Details: